000 00583nam a2200241Ia 4500
003 OSt
005 20220924151801.0
006 a|||||r|||| 00| 0
007 ta
008 220923b |||||||| |||| 00| 0 mar d
020 _c15.00
024 _a339146
037 _cTextual
040 _aARTS
_cARTS
_bmar
041 _2mar
_amar
082 _aLwM24, 155L1
100 _aPriyolkar Au.
_9224962
245 0 _aDr Bhau Daji
260 _c1971
650 _aMEDICINE
_94387
942 _hLwM24, 155L1
_cTEXL
_2CC
999 _c467684
_d467684